Código civil paraguayo y leyes complementarias / (Record no. 102088)
[ view plain ]
| 000 -LEADER | |
|---|---|
| fixed length control field | 00705nam a22002177a 4500 |
| 005 - DATE AND TIME OF LATEST TRANSACTION | |
| control field | 20151002131643.0 |
| 008 - FIXED-LENGTH DATA ELEMENTS--GENERAL INFORMATION | |
| fixed length control field | 151002b py ||||| |||| 00| 0 spa d |
| 020 ## - INTERNATIONAL STANDARD BOOK NUMBER | |
| International Standard Book Number | 9992541202 |
| 050 04 - LIBRARY OF CONGRESS CALL NUMBER | |
| Classification number | KHP404.31986 |
| Item number | P37 1999 |
| 110 1# - MAIN ENTRY--CORPORATE NAME | |
| Corporate name or jurisdiction name as entry element | Paraguay |
| 240 10 - UNIFORM TITLE | |
| Uniform title | Código civil |
| 245 10 - TITLE STATEMENT | |
| Title | Código civil paraguayo y leyes complementarias / |
| Statement of responsibility, etc | modificaciones Miguel Ángel Pangrazio |
| 250 ## - EDITION STATEMENT | |
| Edition statement | 13a ed. |
| 260 ## - PUBLICATION, DISTRIBUTION, ETC. (IMPRINT) | |
| Place of publication, distribution, etc | Asunción, Paraguay : |
| Name of publisher, distributor, etc | Intercontinental Editora, |
| Date of publication, distribution, etc | 1999 |
| 300 ## - PHYSICAL DESCRIPTION | |
| Extent | 705 p. ; |
| Dimensions | 23 cm. |
| 490 0# - SERIES STATEMENT | |
| Series statement | Colección Legislación paraguaya |
| 504 ## - BIBLIOGRAPHY, ETC. NOTE | |
| Bibliography, etc | Incluye índice |
| 650 #7 - SUBJECT ADDED ENTRY--TOPICAL TERM | |
| Source of heading or term | LEMB |
| Topical term or geographic name as entry element | Derecho civil |
| Geographic subdivision | Paraguay |
| 700 1# - ADDED ENTRY--PERSONAL NAME | |
| Personal name | Pangrazio, Miguel Ángel, |
| Relator term | Modificaciones |
| 942 ## - ADDED ENTRY ELEMENTS (KOHA) | |
| Source of classification or shelving scheme | Biblioteca del Cogreso de los Estados Unidos |
| Koha item type | Libro |
| Estado de pérdida | Fuente de clasificación | Estado del daño | No para préstamo | Ubicación permanente | Ubicación actual | Apartado o colección | Fecha de adquisición | Edición | Dependencia de educación superior (DES) | Área del conocimiento | Clasificación | Código de Barras | Date last seen | Número de copia | Tipo de recurso |
|---|---|---|---|---|---|---|---|---|---|---|---|---|---|---|---|
| Biblioteca del Cogreso de los Estados Unidos | Biblioteca del Posgrado en Derecho | Biblioteca del Posgrado en Derecho | Colección Ernesto Villanueva | 02/10/2015 | 13a ed. | Derecho | Ciencias Sociales y Administrativas | KHP404.31986 P37 1999 | BPD000002900 | 02/10/2015 | 1 | Libro |